• 首页
  • 本馆介绍
  • 公告通知
  • 最新文献
  • 馆藏检索
  • 电子资源
  • 读者导购
  • 参考咨询
  • 我的图书馆
  • 登录
  • 详细信息显示
  • 放入我的书架
  • 预约/预借图书
  • 作者相关作品
  • 分类相关作品
  • 丛书相关作品
  • 出版社相关作品

书目信息

  • 表格格式
  • 工作单格式
  • 卡片格式
题名:
粮食流通体制改革与产业损害补偿机制研究
    
 
作者: 龙文军 , 原瑞玲 主编 ;农业部 编
分册:  
出版信息: 北京   中国农业出版社  2018
页数: 205页
开本: 23cm
丛书名:
单 册:
中图分类: F724.721
科图分类:
主题词: 粮食流通--流通体制改革--研究--中国 , 粮食流通--产业--补偿机制--研究--中国
电子资源:
ISBN: 978-7-109-23909-8
000 01348nam0 2200289 450
001 012001000937
005 20140920091302.0
010    @a978-7-109-23909-8@dCNY38.00
100    @a20180612d2018 em y0chiy50 ea
101 0  @achi
102    @aCN@b110000
105    @ay z 000yy
106    @ar
200 1  @a粮食流通体制改革与产业损害补偿机制研究@9Liang Shi Liu Tong Ti Zhi Gai Ge Yu Chan Ye Sun Hai Bu Chang Ji Zhi Yan Jiu@dThe study on the circulation system reform and compensation mechanism of industrial damage about the grain in China@f农业部农村经济研究中心课题组编@zeng
210    @a北京@c中国农业出版社@d2018
215    @a205页@d23cm
314    @a主编取自编委会名单
330    @a本书侧重于粮食流通体制改革和产业损害补偿问题的研究,全书分为三部分,上篇为粮食流通体制改革,下篇为产业损害补偿机制,附录为国家近几年下发的与粮食流通体制改革相关的文件。
510 1  @aStudy on the circulation system reform and compensation mechanism of industrial damage about the grain in China@zeng
606 0  @a粮食流通@x流通体制改革@x研究@y中国
606 0  @a粮食流通@x产业@x补偿机制@x研究@y中国
690    @aF724.721@v5
701  0 @a龙文军@9Long Wen Jun@4主编
701  0 @a原瑞玲@9Yuan Rui Ling@4主编
712 02 @a农业部@9Nong Ye Bu@b农村经济研究中心课题组@4编
801  0 @aCN@b上海新华@c20180901
905    @b1155587-91@dF724.721@e103@f5
    
    粮食流通体制改革与产业损害补偿机制研究=The study on the circulation system reform and compensation mechanism of industrial damage about the grain in China/农业部农村经济研究中心课题组编.-北京:中国农业出版社,2018
    205页;23cm
    
    
    ISBN 978-7-109-23909-8:CNY38.00
    本书侧重于粮食流通体制改革和产业损害补偿问题的研究,全书分为三部分,上篇为粮食流通体制改革,下篇为产业损害补偿机制,附录为国家近几年下发的与粮食流通体制改革相关的文件。
●
相关链接 在E读中查询图书 在五车中查询图书 在当当中查询图书 在豆瓣中查询图书


正题名:粮食流通体制改革与产业损害补偿机制研究     索取号:F724.721/103         预约/预借

序号 登录号 条形码 馆藏地/架位号 状态 备注
1 1155587   211555878   第一样本阅览室/ [索取号:F724.721/103] 在馆    
2 1155588   211555887   第一借阅区/ [索取号:F724.721/103] 在馆    
3 1155589   211555896   第一借阅区/ [索取号:F724.721/103] 在馆    
4 1155590   211555903   第一借阅区/ [索取号:F724.721/103] 在馆    
5 1155591   211555912   密集书库-海洋学院/ [索取号:F724.721/103] 在馆    
唐山师范学院图书馆 欢迎您!
大连网信软件有限公司© 版权所有